000
00310nam a2200121Ia 4500
008
220216s9999 xx 000 0 und d
100
_a
Shanmuga Sundaram M K
245
0
_a
Natural rubber consumption increases 6.4
260
_b
Rubber India
_c
2018
300
_a
60-61
650
_a
NR consumption
942
_c
BS
999
_c
51287
_d
51287